| 000 | 01512nam0a2200337 i 4500 | ||
|---|---|---|---|
| 001 | RU\NLR\BIBL_A\010584570 | ||
| 005 | 20260408162420.0 | ||
| 010 |
_a9785767928125 _9500 |
||
| 021 |
_aRU _b2014-84778 _95153 |
||
| 035 | _a(NILC)RuMoRGB-007581833 | ||
| 035 | _a(NLR Aleph) 010584570 | ||
| 090 |
_a10476528 _c10476528 |
||
| 100 | _a20150115d2014 km y0rusy50 ca | ||
| 101 | 0 | _arus | |
| 102 | _aRU | ||
| 105 | _aa|||z|||000yy | ||
| 200 | 1 |
_aПовышение эффективности точения фасонных деталей _fА. С. Ямников, Е. Ю. Кузнецов, В. К. Нгуен _gМ-во образования и науки РФ, Федеральное гос. бюджетное образовательное учреждение высш. проф. образования "Тульский гос. ун-т" |
|
| 210 |
_aТула _cИзд-во ТулГУ _d2014 |
||
| 215 |
_a149 с. _cил. _d20 |
||
| 320 | _aБиблиогр.: с. 133-147 (176 назв.) | ||
| 606 |
_aТокарные работы _9942900 _3RU\NLR\AUTH\66349189 |
||
| 686 | 1 | _aК632 | |
| 700 | 1 |
_aЯмников _bА. С. _f1943- _gАлександр Сергеевич |
|
| 701 | 1 |
_aКузнецов _bЕ. Ю. _cканд. техн. наук _gЕвгений Юрьевич _9141798 _3RU\NLR\AUTH\770141834 |
|
| 701 | 0 | _aНгуен Ван Кыонг | |
| 801 | 0 |
_aRU _bРГБ _c20141112 _gRCR |
|
| 801 | 1 |
_aRU _bРГБ _c20141112 _2rusmarc |
|
| 942 | _cBOOK | ||
| 980 | _aNBR | ||